000 004430000a22001690004500
003 MACL
005 20160804122002.0
008 160804b xxu||||| |||| 00| 0 eng d
040 _aMACL
_cMACL
041 _aEnglish
082 _a954.913 SHA
100 _aSharma, B L
_928608
245 _aThe Pakistan China Axis
_cB. L. Sharma
260 _bAsia Publishing House
_c1906
_aBombay
650 _aHistory
_966147
942 _cBK
_k954.913/Sha
_2ddc
999 _c36275
_d36275